Человек-легенда: рассказы о Котовском; для младшего и седнего школьного возраста

Dades bibliogràfiques
Autor principal: Четвериков Б. Д. Борис Дмитриевич
Altres autors: Хмельницкий А. П. (иллюстратор)
Idioma:rus
Publicat: Кишинев, Литература артистикэ, 1990
Col·lecció:"Искорка"
Matèries:
Format: Llibre
KOHA link:https://koha.lib.tpu.ru/cgi-bin/koha/opac-detail.pl?biblionumber=155886

MARC

LEADER 00000nam0a2200000 4500
001 155886
005 20231031152828.0
010 |a 5368002939 
020 |a RU  |b 90-39183 
035 |a (RuTPU)RU\TPU\book\169073 
090 |a 155886 
100 |a 20090319d1990 cd y0rusy5003 ca 
101 0 |a rus 
102 |a MD 
105 |a a z 000ay 
200 1 |a Человек-легенда  |e рассказы о Котовском  |e для младшего и седнего школьного возраста  |f Б. Д. Четвериков  |g худож. А. П. Хмельницкий 
210 |a Кишинев  |c Литература артистикэ  |d 1990 
215 |a 220 с.  |c ил.  |d 24 см 
225 1 |a "Искорка" 
600 1 |a Котовский  |b Г. И.  |c герой Гражданской войны  |f 1881-1925  |g Григорий Иванович  |c командир кавалерийской бригады и дивизии  |2 stltpush  |3 (RuTPU)RU\TPU\pers\12370 
610 1 |a детская литература 
675 |a Р2  |z rus 
700 1 |a Четвериков  |b Б. Д.  |g Борис Дмитриевич  |4 070 
702 1 |a Хмельницкий  |b А. П.  |4 440 
801 0 |a RU  |b RuMRKP  |c 19950417  |g psbo 
801 1 |a RU  |b 63413507  |c 20090319  |g PSBO 
801 2 |a RU  |b 63413507  |c 20140211  |g PSBO 
942 |c BK